000 00651nam a2200181 4500
001 VA16700
003 ES-SlBCS
005 20210601154704.0
008 140520s1965 xxu||||| |||| 00| 0 spa d
041 _aspa
100 1 _aThun, Teófilo
_929306
245 1 0 _aEl problema religioso de la juventud
_b:Estudios de sicología religiosa sobre la base de manifestaciones escritas, de alumnos pertenecientes a la escuela primaria, superior y profesional
_cTeófilo Thun; Rafael Velasco Beteta
260 _aMadrid :
_bStudium
_c, 1965
300 _a305 p.;
_c21 cm
650 _aJuventud
_9126043
700 1 0 _aVelasco Beteta, Rafael
_9372692
942 _cBK
999 _c808164
_d808164